01046ngm a2200325 4500003000400000005001700004007000300021008004100024010003300065024002100098035002000119035001500139040001300154082001500167245006800182260002800250300005000278440003300328500013900361538004900500650001900549700001900568700002200587700001900609700001700628700002100645700001700666700001900683700001800702dpl20100302154017.0ta||||||sp199 xxu|||||c ||| 00| 0 ng d  aDVD-005765-5772 & DVD-006332 aDHIF1542Sc99.00 aDVD-005765-5772 aDVD-006332 aDPLcDPL aDVD / WEDN aA WednesdaycUTV Motion Picture Presentsh[videorecording] DVD/ bMoserbaer Entertainment a1 videodisc DVD;bsd., col. ;c4 3/4 in.fDVD aMoserbaer Home Entertainment aMoserbaer India Ltd. has obtained the necessary license/consent from the owner of the copyright in the works for making this DVD Film. aDolby Digital 5.1 - Hindi Subtitles: English aMotion Picture aPandey, Neeraj aScrewvala, Ronnie aBhatia, Shital aRizvi, Anjum aNaseeruddin Shah aKher, Anupam aShergil, Jimmy aBashir, Aamir